| 000 | 00973nam a2200265 a 4500 | ||
|---|---|---|---|
| 005 | 19820422000000.0 | ||
| 008 | 820422s1980 ii bcfj 000 0 eng | ||
| 010 | _aENG-92732 | ||
| 020 |
_a8181573706 _c800.00 |
||
| 035 | _aEN-76265 | ||
| 037 | _bDBAD / PUB | ||
| 040 |
_adpl _bEnglish |
||
| 082 | _a230.2 | ||
| 240 | _aMahabharata | ||
| 245 |
_aThe Mahabharata of Vyasa / _ctranscreated by P.Lal from the Sanskrit |
||
| 260 |
_aCalcutta _bWriter Workshop _c2005 |
||
| 300 |
_aBook-1 (1227p.) _c23 cm (Hb) |
||
| 500 | _aTranscreated sloka-by-sloka from Sanskrit. | ||
| 505 | _aBook-1 The complete Adi Parva. | ||
| 650 | _aMahābhārata | ||
| 650 |
_aEpic poetry, Sanskrit _xTranslations into English. |
||
| 730 | _aMahābhārata. | ||
| 942 |
_2ddc _cEN _h230.2 _mMAH |
||
| 999 |
_c22703 _d22703 |
||